Z bábkového divadla kongresové centrum ? Súd rozhodne, či košická Židovská náboženská obec nepríde o budovu na Roosveltovej i synagógu

Bibliographic Details
Main Author: sam (Author)
Corporate Author: Židovská náboženská obec (Košice, Slovensko) (Author)
Format: Article
Language:Slovak
PhysicalDescription:2 obr.
Subjects:

MARC

LEADER 00000nab a2200000 a 4500
001 vtls000907699
003 SK-MaSNL
005 20260303192403.0
008 040720e20011107xo 0 slo
035 |a KE16636 
040 |a KEVKJB  |b slo  |c KEVKJB  |e AACR2 
041 0 |a slo 
044 |a xo  |c SK 
080 |a 296  |2 1981 
080 |a 347.2  |2 1981 
100 0 |a sam  |4 aut  |9 872790 
245 1 0 |a Z bábkového divadla kongresové centrum ?  |b Súd rozhodne, či košická Židovská náboženská obec nepríde o budovu na Roosveltovej i synagógu 
300 |b 2 obr. 
610 2 7 |a Židovská náboženská obec (Košice, Slovensko)  |2 KEVKJB  |9 29571 
650 0 7 |a majetok  |2 KEVKJB  |9 1607 
650 0 7 |a vetranie budov  |2 KEVKJB  |9 1272 
650 0 7 |a informácie  |2 KEVKJB  |9 1285 
651 7 |a Košice (Slovensko)  |2 KEVKJB  |9 18694 
651 7 |a KE,  |2 KEVKJB  |9 877256 
655 7 |a periodikum  |2 snkbucl  |9 29553 
710 2 |a Židovská náboženská obec (Košice, Slovensko)  |4 aut  |9 29571 
773 0 8 |t Košický večer  |g Roč. 12  |g Roč. 33, č.215, 7.11.2001, s. 2 
852 |a ZVYKNI  |b KIS3GCP 
999 |c 2145921  |d 2147851